000 00707cam a2200253 4500
001 M2028
008 090401t1995 xxu||||| |||| 00| 0 eng d
035 _a(Sirsi) u96280
041 _aeng
110 _aRoyal Institution of Chartered Surveyors
_94900
245 _aCAP reform : achieving best land use in rural Europe.
260 _aLondon
_bRICS
_c1995
300 _a6p. ; 30cm.
350 _a4
490 _aRICS Memorandum
_vGCPPA/Report(95)3
520 _aRICS discussion paper on further reform of the CAP.
650 _aCAP REFORM
650 _aCAP
650 _aCOMMON AGRICULTURAL POLICY
650 _aLand use
_96251
690 _aRURAL PRACTICE
942 _n0
948 _c04/03/1997
999 _c98607
_d98607